000 00665nam a2200217 a 4500
001 19486
003 CO-ViMGA
008 141112s2004 ck r 000 u spa d
020 _a8430604855
040 _aCO-ViMGA
_bspa
_cCO-ViMGA
082 0 4 _a178 C677
100 1 _aCortina,
_928102
245 1 0 _aPor una ética del consumo :
_bla ciudadanía del consumidor en un mundo global
260 _aMexico :
_bTaurus; 2002
300 _a349 p.
490 _aPensamiento
590 _aForma de adquisición : Premio Mincultura
650 1 4 _aCONSUMO (Economía) - ASPECTOS ETICOS
_928103
650 1 4 _aCONSUMO (Economía) - ASPECTOS SOCIALES
_928104
942 _2ddc
_cBK
999 _c28627
_d28627